01102nam a2200265Ia 4500003000900000008004100009020001800050040001600068080002300084111009000107245022200197260003700419300001500456490002700471650002900498650002200527650002200549700003600571700003400607700003400641710003700675942000700712999001700719952010000736IN-BaIIA211028s9999 xx 000 0 eng d a0-7923-4803-6 cIIA Library a082.2:52bIAU-S179 aSymposium of the International Astronomical Unionn179thcUSAd1996 Aug. 26-30921757 0aNew horizons from multiwavelength sky surveybproceedings of the 179th symposium of the IAU held in Baltimore, USA, 26-30 August 1996cedited by Brian. J. McLean…[et al.]  aDordrechtbKluwer Academicc1998 axxx, 508p. aIAU symposium; no. 179 aGalactic astronomy96041 aSky-surveys91313 aWavelength921758 aGolombek, Daniel A., ed.921759 aHayes, Jeffrey J., ed.921760 aMcLean, Brian. J., ed.921761 aInternational Astronomical Union cBK c12434d12434 00104070aBANbBANcGENd1998-03-11l0o082.2:52/ IAU-S179p13350r2021-11-05w1998-03-11yBK